000 00386nam a2200157Ia 4500
003 Ost
005 20260225132539.0
008 260225s9999||||xx |||||||||||||| ||und||
040 _cfsic
041 _afre
082 _a70.4
100 _aPhillipe bachman
_eAuteur
245 0 _aCommuniquer avec la presse écrite et l'audio-visuell /
245 0 _cPhillipe bachman
942 _cكتاب
999 _c33394
_d33394